000
00310pam a2200133 a 4500
020
_c
041
_h
082
_a
650.10000000000002
_b
TUR
100
_a
Turner,Colin
245
_a
Paths To Succeed
_h
Textual Documents
260
_a
New York
_b
Hodder And Stoughtun
_c
2002
300
_a
XIV/166
930
_a
5257
999
_c
112087
_d
112087